[Event "Zuerich Seniors op 08th"]
[Site "Zuerich"]
[Date "2010.02.04"]
[Round "9"]
[White "Moeller, Albrecht"]
[Black "Wey, Hans"]
[Result "1/2-1/2"]
[WhiteElo "1863"]
[BlackElo "1790"]
[PlyCount "51"]
[EventDate "2010.01.25"]
[EventType "swiss"]
[EventRounds "9"]
[EventCountry "SUI"]
[SourceTitle "EXT 2022"]
[Source "ChessBase"]
[SourceDate "2021.10.06"]
[SourceVersion "1"]
[SourceVersionDate "2021.10.06"]
[SourceQuality "1"]

1. e4 c6 2. d4 d5 3. f3 dxe4 4. fxe4 Nf6 5. e5 Nd5 6. Bd3 e6 7. Nf3 Be7 8. 0-0 c5 9. c3 Nc6 10. c4 Ndb4 11. Be4 Nxd4 12. Be3 Nxf3+ 13. Qxf3 0-0 14. Qh3 g6 15. Nc3 Nc6 16. Qg3 Bh4 17. Qf4 Be7 18. Rf3 f5 19. Bxc6 bxc6 20. Rd1 Qc7 21. Bf2 Bb7 22. Rfd3 Rad8 23. Na4 Rxd3 24. Rxd3 Rd8 25. Rxd8+ Qxd8 26. Qc1 1/2-1/2

[Event "Nittenau-ch 8th"]
[Site "Nittenau"]
[Date "2008.11.14"]
[Round "1"]
[White "Weiss, Bernhard"]
[Black "Moeller, Albrecht"]
[Result "1/2-1/2"]
[WhiteElo "1186"]
[BlackElo "1622"]
[PlyCount "45"]
[EventDate "2008.11.14"]
[EventType "swiss"]
[EventRounds "5"]
[EventCountry "GER"]
[SourceTitle "EXT 2010"]
[Source "ChessBase"]
[SourceDate "2010.11.25"]
[SourceVersion "1"]
[SourceVersionDate "2010.11.25"]
[SourceQuality "1"]

1. e4 e5 2. Nf3 Nc6 3. Bc4 Nf6 4. d3 Be7 5. a3 d6 6. h3 Bd7 7. Nc3 h6 8. Bd2 Nh7 9. Nd5 0-0 10. Nxe7+ Qxe7 11. Qe2 a6 12. 0-0-0 Be6 13. g4 Bxc4 14. dxc4 Qe6 15. Rdg1 f6 16. Nh4 Ne7 17. Nf5 Kh8 18. h4 Rf7 19. Qf3 Rg8 20. Qe2 Rgf8 21. Qe3 Ng8 22. g5 g6 23. Nxh6 1/2-1/2

[Event "Stuttgart-chB int"]
[Site "Ditzingen"]
[Date "2008.05.01"]
[Round "1"]
[White "Ellinger, Harald"]
[Black "Moeller, Albrecht"]
[Result "1/2-1/2"]
[WhiteElo "1854"]
[BlackElo "1629"]
[PlyCount "40"]
[EventDate "2008.05.01"]
[EventType "swiss"]
[EventRounds "7"]
[EventCountry "GER"]
[SourceTitle "EXT 2018"]
[Source "ChessBase"]
[SourceDate "2017.10.13"]
[SourceVersion "1"]
[SourceVersionDate "2017.10.13"]
[SourceQuality "1"]

1. Nf3 b6 2. c4 Bb7 3. Nc3 f5 4. Qc2 e6 5. d4 Nf6 6. a3 g6 7. Bg5 Bg7 8. e3 d6 9. Be2 Nbd7 10. 0-0 0-0 11. Rfd1 a6 12. Rac1 h6 13. Bxf6 Qxf6 14. d5 e5 15. b4 Rae8 16. Na4 Rc8 17. c5 bxc5 18. bxc5 dxc5 19. Nxc5 Nxc5 20. Qxc5 Qd6 1/2-1/2

[Event "Stuttgart-chB int"]
[Site "Ditzingen"]
[Date "2008.05.01"]
[Round "2"]
[White "Moeller, Albrecht"]
[Black "Alke, Erhard"]
[Result "1/2-1/2"]
[WhiteElo "1629"]
[BlackElo "1741"]
[PlyCount "45"]
[EventDate "2008.05.01"]
[EventType "swiss"]
[EventRounds "7"]
[EventCountry "GER"]
[SourceTitle "EXT 2018"]
[Source "ChessBase"]
[SourceDate "2017.10.13"]
[SourceVersion "1"]
[SourceVersionDate "2017.10.13"]
[SourceQuality "1"]

1. e4 d5 2. exd5 Qxd5 3. Nc3 Qa5 4. d4 c6 5. Bc4 Bf5 6. Nf3 e6 7. 0-0 Bd6 8. Re1 Ne7 9. Qe2 Qc7 10. Ne4 h6 11. Nxd6+ Qxd6 12. c3 Nd7 13. Bd3 Bxd3 14. Qxd3 0-0-0 15. b4 g5 16. a4 g4 17. Nd2 Nb6 18. Ne4 Qc7 19. Qg3 Qxg3 20. Nxg3 Nbd5 21. Bd2 Nf6 22. Bf4 Nfd5 23. Bd2 1/2-1/2

[Event "Bad Woerishofen Seniors op 24th"]
[Site "Bad Woerishofen"]
[Date "2008.03.07"]
[Round "9"]
[White "Moeller, Albrecht"]
[Black "Pooth, Richard"]
[Result "1-0"]
[WhiteElo "1613"]
[BlackElo "1763"]
[PlyCount "41"]
[EventDate "2008.02.28"]
[EventType "swiss"]
[EventRounds "9"]
[EventCountry "GER"]
[SourceTitle "EXT 2022"]
[Source "ChessBase"]
[SourceDate "2021.10.06"]
[SourceVersion "1"]
[SourceVersionDate "2021.10.06"]
[SourceQuality "1"]

1. e4 c5 2. c3 e6 3. d4 b6 4. Nf3 Bb7 5. Bd3 d6 6. 0-0 Nd7 7. Re1 Be7 8. Na3 Ngf6 9. Nc2 Qc7 10. Qe2 c4 11. Bxc4 Bxe4 12. Bb3 d5 13. Ng5 Bf5 14. Ne3 0-0 15. Nxf5 exf5 16. Qf3 Ng4 17. Bf4 Bd6 18. Bxd6 Qxd6 19. g3 Ndf6 20. Qxf5 Rad8 21. Re2 1-0

[Event "Bad Woerishofen Seniors op 24th"]
[Site "Bad Woerishofen"]
[Date "2008.03.05"]
[Round "7"]
[White "Moeller, Albrecht"]
[Black "Luebbers, Doris"]
[Result "1-0"]
[WhiteElo "1613"]
[BlackElo "1315"]
[PlyCount "45"]
[EventDate "2008.02.28"]
[EventType "swiss"]
[EventRounds "9"]
[EventCountry "GER"]
[SourceTitle "EXT 2022"]
[Source "ChessBase"]
[SourceDate "2021.10.06"]
[SourceVersion "1"]
[SourceVersionDate "2021.10.06"]
[SourceQuality "1"]

1. e4 c5 2. c3 d6 3. d4 cxd4 4. cxd4 e6 5. Nc3 Nf6 6. f4 Nc6 7. Nf3 Be7 8. Bd3 a6 9. 0-0 Qc7 10. h3 b5 11. Qe1 Bb7 12. Be3 Rc8 13. Rc1 Qd8 14. Qg3 Bf8 15. Rce1 g6 16. f5 exf5 17. exf5 Ne7 18. fxg6 Rg8 19. gxf7+ Kxf7 20. Qf4 Ng6 21. Bxg6+ Rxg6 22. d5 Qe7 23. Nh4 1-0

[Event "Bad Woerishofen Seniors op 24th"]
[Site "Bad Woerishofen"]
[Date "2008.02.29"]
[Round "2"]
[White "Fels, Karl Heinz"]
[Black "Moeller, Albrecht"]
[Result "0-1"]
[WhiteElo "1701"]
[BlackElo "1613"]
[PlyCount "48"]
[EventDate "2008.02.28"]
[EventType "swiss"]
[EventRounds "9"]
[EventCountry "GER"]
[SourceTitle "EXT 2022"]
[Source "ChessBase"]
[SourceDate "2021.10.06"]
[SourceVersion "1"]
[SourceVersionDate "2021.10.06"]
[SourceQuality "1"]

1. e4 e5 2. Nf3 Nc6 3. Bb5 f5 4. Nc3 fxe4 5. Nxe4 d5 6. Nxe5 dxe4 7. Nxc6 Qg5 8. Nd4+ c6 9. Bf1 Bg4 10. f3 exf3 11. Nxf3 Qh5 12. Qe2+ Be7 13. d4 0-0-0 14. Be3 Bh4+ 15. Kd2 Nf6 16. Rd1 Rhe8 17. Kc1 Nd5 18. Rd3 Nf4 19. Qd2 Nxd3+ 20. Bxd3 Bxf3 21. Rf1 Rxe3 22. gxf3 Rde8 23. Be4 R3xe4 24. fxe4 Bg5 0-1

[Event "Bad Woerishofen Seniors op 24th"]
[Site "Bad Woerishofen"]
[Date "2008.02.28"]
[Round "1"]
[White "Moeller, Albrecht"]
[Black "Jagdhuber, Hans"]
[Result "0-1"]
[WhiteElo "1613"]
[BlackElo "1853"]
[PlyCount "54"]
[EventDate "2008.02.28"]
[EventType "swiss"]
[EventRounds "9"]
[EventCountry "GER"]
[SourceTitle "EXT 2022"]
[Source "ChessBase"]
[SourceDate "2021.10.06"]
[SourceVersion "1"]
[SourceVersionDate "2021.10.06"]
[SourceQuality "1"]

1. e4 d5 2. exd5 Qxd5 3. d4 Nc6 4. Nf3 Bg4 5. Be2 0-0-0 6. c4 Qd7 7. Be3 Bxf3 8. Bxf3 Nxd4 9. Nd2 Nf6 10. 0-0 e5 11. Nb3 Nxf3+ 12. Qxf3 Qg4 13. Qxg4+ Nxg4 14. Bd2 h5 15. h3 Nh6 16. f4 exf4 17. Rxf4 Bd6 18. Rf3 f6 19. Bc3 Nf7 20. Rf5 Be5 21. Rc1 Nd6 22. Rf3 Nxc4 23. Nc5 Rhe8 24. b3 Nd2 25. Rf2 Bxc3 26. Rxc3 Re1+ 27. Kh2 Nf1+ 0-1

[Event "Stuttgart-chB int"]
[Site "Ditzingen"]
[Date "2006.05.27"]
[Round "5"]
[White "Moeller, Albrecht"]
[Black "Koenig, Torsten"]
[Result "0-1"]
[WhiteElo "1698"]
[BlackElo "1522"]
[PlyCount "78"]
[EventDate "2006.05.25"]
[EventType "swiss"]
[EventRounds "7"]
[EventCountry "GER"]
[SourceTitle "EXT 2018"]
[Source "ChessBase"]
[SourceDate "2017.10.13"]
[SourceVersion "1"]
[SourceVersionDate "2017.10.13"]
[SourceQuality "1"]

1. e4 e5 2. f4 exf4 3. Bc4 Nc6 4. d4 Nf6 5. Nc3 Bb4 6. e5 Ne4 7. Qf3 Qh4+ 8. g3 fxg3 9. Bxf7+ Kd8 10. hxg3 Qxg3+ 11. Qxg3 Nxg3 12. Bg5+ Ne7 13. Rh4 h6 14. Bd2 Rf8 15. Bc4 d6 16. exd6 Bxd6 17. 0-0-0 Nef5 18. Rf4 Bxf4 19. Bxf4 g5 20. Be5 Ne3 21. Bg7 Rf2 22. Be2 Nxe2+ 23. Ngxe2 Nxd1 24. Kxd1 h5 25. Ke1 Rf7 26. Bh6 g4 27. Ng3 Rh7 28. Bg5+ Ke8 29. Nce4 Kf7 30. Nf6 Rh8 31. Ngxh5 Rxh5 32. Nxh5 Kg6 33. Bf4 Kxh5 34. Bxc7 Bd7 35. c3 Rf8 36. Bg3 Rf3 37. Be5 g3 38. Ke2 g2 39. Bh2 Rf1 0-1

[Event "Stuttgart-chB"]
[Site "Stuttgart"]
[Date "2003.??.??"]
[Round "?"]
[White "Moeller, Albrecht"]
[Black "Groebe, Ulrich"]
[Result "0-1"]
[WhiteElo "1635"]
[BlackElo "1810"]
[PlyCount "100"]
[EventDate "2003.??.??"]
[EventType "swiss"]
[EventRounds "9"]
[EventCountry "GER"]
[SourceTitle "EXT 2007"]
[Source "ChessBase"]
[SourceDate "2006.11.23"]
[SourceVersion "1"]
[SourceVersionDate "2006.11.23"]
[SourceQuality "1"]

1. e4 c6 2. d4 d5 3. Nd2 dxe4 4. Nxe4 Bf5 5. Ng3 Bg6 6. Nf3 Nd7 7. Nh4 Ngf6 8. Nxg6 hxg6 9. Be2 Qc7 10. Bf3 0-0-0 11. Qe2 e5 12. Be3 exd4 13. Bxd4 Bb4+ 14. c3 Rde8 15. Be3 Bc5 16. 0-0-0 Bxe3+ 17. fxe3 Qa5 18. Kb1 Qc5 19. e4 Ne5 20. Qc2 Rd8 21. Rxd8+ Rxd8 22. Rd1 Qe3 23. Rxd8+ Kxd8 24. Qd1+ Kc7 25. Nf1 Qf2 26. h3 Nfd7 27. Nd2 Nc5 28. Qe2 Qg1+ 29. Qd1 Qe3 30. Qe2 Qf4 31. Qd1 Qf6 32. Nf1 Ncd3 33. Nd2 Qd6 34. Nb3 Nf4 35. Qxd6+ Kxd6 36. Nd4 Nxf3 37. gxf3 Nxh3 38. Ne2 Ke5 39. Kc2 Nf4 40. Ng3 Ne6 41. Ne2 g5 42. Kd2 g4 43. fxg4 Kxe4 44. a4 Kf3 45. b4 Kxg4 46. b5 Kf3 47. c4 g5 48. a5 cxb5 49. cxb5 g4 50. a6 bxa6 0-1